Kultúrafogyasztás és élményszerzés a Z generáció körében A Magyar Zene Háza és a Müpa vizsgálata
| Szerző: | |
|---|---|
| További közreműködők: | |
| Dokumentumtípus: | Diplomadolgozat |
| Kulcsszavak: | fiatalok intézmények kultúra kultúrakutatás Z generáció |
| Online Access: | http://dolgozattar.uni-bge.hu/59608 |
MARC
| LEADER | 00000nta a2200000 i 4500 | ||
|---|---|---|---|
| 001 | dolg59608 | ||
| 005 | 20260409145310.0 | ||
| 008 | 260409suuuu hu om 000 hun d | ||
| 040 | |a BGE Dolgozattár Repozitórium |b hun | ||
| 041 | |a hu | ||
| 100 | 1 | |a Somogyi Gerda Flóra | |
| 245 | 1 | 0 | |a Kultúrafogyasztás és élményszerzés a Z generáció körében |b A Magyar Zene Háza és a Müpa vizsgálata |c Somogyi Gerda Flóra |h [elektronikus dokumentum] |
| 520 | 3 | |a A kutatásom egyrészt a Z generáció nagykorú tagjainak kultúra fogyasztási szokásait vizsgálja, másrészt pedig a Budapesten található két kulturális intézményt, a Magyar Zene Házát és a Müpát hasonlítja össze tevékenységeik és működésük alapján. A kutatás célja a fiatalok kultúrához fűződő kapcsolatának megismerése, valamint a vizsgált két intézményhez kötődő élményeik, részvételük és hozzáállásuk. A mai világban fontos foglalkozni a kultúra szerepével, ugyanis a digitális fejlődés következtében változnak a kultúra fogyasztási szokások, főleg a fiatalabbak körében. A kutatásomban két adatgyűjtési módszert alkalmaztam. Az egyik a kérdőív volt, amit online formában osztottam meg közösségi média felületeken a Z generáció nagykorú tagjainak körében. A másik módszer pedig az interjú volt, amit a Magyar Zene Háza és a Müpa munkatársaival készíthettem el. A módszerek használata azt a cél segítette, hogy a különböző tapasztalatok és vélemények megismerésre kerüljenek. A kutatás eredményeiből kiderül, hogy a fiatalok nem zárkóznak el a kultúrától, nyitottak a számukra élményekkel teli és izgalmas kulturális programok felé. | |
| 695 | |a fiatalok | ||
| 695 | |a intézmények | ||
| 695 | |a kultúra | ||
| 695 | |a kultúrakutatás | ||
| 695 | |a Z generáció | ||
| 700 | 1 | |a Czipperer Zsófia Petra |e ths | |
| 856 | 4 | 0 | |u http://dolgozattar.uni-bge.hu/59608/1/Somogyi_Gerda_Flo%CC%81ra_Szakdolgozat_v%C3%A9gs%C5%91.pdf |z Dokumentum-elérés |
| 856 | 4 | 0 | |u http://dolgozattar.uni-bge.hu/59608/2/Somogyi%20Gerda_b%C3%ADr%C3%A1lat.pdf |z Dokumentum-elérés |
| 856 | 4 | 0 | |u http://dolgozattar.uni-bge.hu/59608/3/Somogyi%20Gerda%20Fl%C3%B3ra_opponens_biralat_Tak%C3%A1csEdit.pdf |z Dokumentum-elérés |